| 000 | 00687nam a2200205Ii 4500 | ||
|---|---|---|---|
| 003 | JO-AjNU | ||
| 008 | 230605s9999||||xx |||||||||||||| ||und|| | ||
| 040 |
_aJO-AjNU _bara _erda _cJO-AjNU |
||
| 041 | _aara | ||
| 050 | 1 | 4 | _aG155.J6 2014 |
| 100 | 3 |
_aتاليف محاسيس، نجاة سليم محمود, _eauthor _951201 |
|
| 245 | 0 | 0 | _aالسياحة في الأردن: رحلة تآسر القلوب |
| 250 | _a ط1 | ||
| 264 | 3 | 1 | _aعمان: دار زهران للنشر والتوزيع، 2014 |
| 300 | _a263ص | ||
| 336 |
_atext _btxt _2rdacontent |
||
| 337 |
_aunmediated _bn _2rdamedia |
||
| 338 |
_avolume _bnc _2rdacarrier |
||
| 650 | 4 |
_aالسياحة -الاردن _951202 |
|
| 999 |
_aA22601 _c26169 _d26169 |
||